Licenciatura en Medicina y Cirugía : Licenciatura en Veterinaria : Licenciatura en Farmacia Licenciatura en Veterinaria :
Publicado:
Barcelona :
Diputación Provincial de Barcelona. Instituto de Psicología Aplicada y Psicotecnia, Sección de Información Ocupacional ,
1970
Descripción Física:
8 p. ; 26 cm
MARC
| LEADER | 00000nam a2200000Ia 4500 | ||
|---|---|---|---|
| 001 | 8681 | ||
| 003 | BGR | ||
| 005 | 20260324175414.0 | ||
| 008 | 160829s1970 xx 000 0 cat d | ||
| 080 | |a FU-23-30 | ||
| 245 | |a Licenciatura en Medicina y Cirugía : |b Licenciatura en Veterinaria : |b Licenciatura en Farmacia | ||
| 260 | |a Barcelona : |b Diputación Provincial de Barcelona. Instituto de Psicología Aplicada y Psicotecnia, Sección de Información Ocupacional, |c 1970 | ||
| 300 | |a 8 p. ; |c 26 cm | ||
| 590 | |a A la coberta: Estudios Universitarios | ||
| 650 | |a Llicenciat en Medicina i Cirurgia |x Descripcions de les ocupacions |9 32081 | ||
| 650 | |a Llicenciat en Veterinària |x Descripcions de les ocupacions |9 32082 | ||
| 650 | |a Llicenciat en Farmàcia |x Descripcions de les ocupacions I |9 32083 | ||
| 650 | |a Orientació professional |9 27407 | ||
| 710 | 2 | |a Instituto de Psicología Aplicada y Psicotecnia (Barcelona) |9 71186 | |
| 901 | |a Arxiu | ||
| 942 | |n 1 |2 udc |c MON | ||
| 952 | |0 0 |1 0 |4 0 |6 FU2330 |7 1 |9 45861 |a Arxiu |b Arxiu |d 2016-12-01 |l 0 |o FU-23-30 |p 8681 |r 2016-12-01 00:00:00 |w 2016-12-01 |y ARXIU | ||
| 999 | |c 49361 |d 49361 | ||